Mikä Italian kaupunki? - Statistics

Yleistilastot
  • Tätä visaa on pelattu 638 kertaa
  • Keskiarvotulos 11 / 20
Vastaustilastot
Kuvaus Kaupunki % Oikein
Italian pääkaupunki Rooma
99%
Yksi muodin pääkaupungeista Milano
97%
Italian kolmanneksi suurin kaupunki. Pizza on peräisin tästä kaupungista Napoli
94%
Tämä maailmanperintökohde on pohtinut turistien määrän rajoittamista Venetsia
90%
Piemonten alueen pääkaupunki, jossa Fiatin pääkonttori sijaitsee Torino
88%
Dante ja Machiavelli syntyivät tässä kaupungissa Firenze
74%
Sisilian pääkaupunki Palermo
71%
Kaupunki, joka on antanut nimen juustolle ja kinkulle Parma
69%
Galileo Galilein syntymäkaupunki Pisa
67%
"Romeon ja Julian" tapahtumapaikka Verona
59%
Kaupunki, jossa sijaitsee vuonna 1088 perustettu maailman vanhin yliopisto Bologna
58%
Kristoffer Kolumbuksen kotikaupunki Genova
52%
Lähellä Sveitsiä sijaitseva kaupunki, joka sijaitsee samannimisen järven äärellä Como
46%
Apulian pääkaupunki Bari
40%
Pohjois-Italian itäisin kaupunki Trieste
40%
Sardinian pääkaupunki Cagliari
34%
Sisilialainen kaupunki, joka oli aikoinaan suurin kreikkalainen siirtokunta Syrakusa
30%
Rooman valtakunnan pääkaupunki sen loppuaikoina Ravenna
15%
Aiemmin Itävallalle kuulunut kaupunki, jossa yleiskirkollinen neuvosto piti majaa 1500-luvulla Trento
15%
Via Appian päätepiste Brindisi
9%
Ehtoja vastaavia visoja ei löytynyt
Tulosjakauma
Jokaisen tuloksen saaneiden osuus
Persentiili vastausten määrän mukaan
Tuloshistoriasi
Et ole pelannut tätä visaa